000 00726nas a2200265 4500
001 BR9607322
003 BR-BrBNA
005 20231205094938.0
007 ta
008 230509b bl.|||p| |||| 00| 00por d
040 _aBR-BrBNA
_bpor
_cBiblioteca Nacional de Agricultura
041 _a(Pt)
072 _aL73
100 1 _aZerra Neto, L.
100 1 _aAlves Junior, M.
100 1 _aSantos, P.C.G. dos
100 1 _aScantamburlo, R.A.
100 1 _aCortez, L.T.
245 1 _aIctericia por obstrucao parasitaria em cao
650 _aCao
650 _aIctericia
773 0 _tUNIMAR Ciencias (Brazil)
_x
_g(1995), v. 4(1) p. 99-101
_wBR9607322
909 _a202311
_bLúcia
_c55
_dLúcia Elande
942 _2AGRIS
_n0
_cANA
999 _c147873
_d147873